Rozpoznasz piłkarzy Ekstraklasy - sezon 2023/2024? - Statystyki

Ogólne statystyki
  • Ten quiz został rozwiązany 13 razy
  • Średni wynik to 13 z 18
Statystyki odpowiedzi
Obrazkowy Odpowiedź % Poprawnych
Bartosz Slisz
100%
Filip Marchwiński
100%
Filip Starzyński
100%
Jakub Czerwiński
100%
Rafał Wolski
83%
Adam Zrelak
75%
Ilja Szkurin
75%
Dani Ramírez
67%
Dominik Marczuk
67%
Kamil Zapolnik
67%
Rafał Leszczyński
67%
Strátos Svarnas
67%
Michał Szromnik
58%
Imad Rondić
50%
Otar Kakabadze
50%
Wahan Biczachczjan
50%
Kacper Chodyna
42%
Nono
33%
Nie znaleziono quizów pasujących do podanych kryteriów
Rozkład punktacji
Procent ludzi z każdym wynikiem
Percentyl według liczby udzielonych odpowiedzi
Twoja historia wyników
Nie rozwiązałeś tego quizu